Metodología para optimizar el manejo de energía en data centers y diseño de un sistema de monitoreo energético para el data center de Grupo Electrotécnica
Gardado en:
| Autor Principal: | |
|---|---|
| Outros autores: | |
| Formato: | Libro |
| Idioma: | Spanish |
| Publicado: |
[San José, Costa Rica]
2010
|
| Materias: | |
| Etiquetas: |
Engadir etiqueta
Sen Etiquetas, Sexa o primeiro en etiquetar este rexistro!
|
MARC
| LEADER | 00000nam a2200000Ia 4500 | ||
|---|---|---|---|
| 003 | 010118 | ||
| 005 | 20230927144838.0 | ||
| 008 | 140114s2010 cr a 000 ||spa d | ||
| 040 | |c cru CEDI | ||
| 090 | |a TFG 6262 | ||
| 100 | |a Ford González, Peter de, 1987- |9 1082 | ||
| 245 | |a Metodología para optimizar el manejo de energía en data centers y diseño de un sistema de monitoreo energético para el data center de Grupo Electrotécnica | ||
| 260 | |a [San José, Costa Rica] |c 2010 | ||
| 300 | |a xi, 83 hojas : ilustraciones | ||
| 500 | |a Proyecto de graduación (bachillerato de ingeniería eléctrica)--Universidad de Costa Rica. Facultad de Ingeniería. Escuela de Ingeniería Eléctrica | ||
| 501 | |a Profesor Guía de IE-0502 Proyecto Eléctrico: Ing. José Miguel Páez | ||
| 650 | |x ENERGIA ELECTRICA |x DISTRIBUCION DE ENERGIA ELECTRICA |x INSTALACIONES ELECTRICAS - EQUIPO ELECTRICO |x INGENIERÍA ELÉCTRICA |x RECURSOS ENERGETICOS |x PROCESAMIENTO OPTICO DE DATOS |9 2827 | ||
| 700 | |9 733 |a Páez Jiménez, José Miguel, 1951- |d Director de Proyecto Eléctrico | ||
| 942 | |c CEDI | ||
| 999 | |c 15942 |d 15942 | ||
